000 00630nam a2200193Ia 4500
003 GCL
008 140319s9999 xx 000 0 ara d
040 _aGCL /
_cGCL
082 0 4 _a416
_bخ ف
100 1 _aخليل بنيان الحسون
245 1 0 _aفى الضرورات الشعرية /
_cخليل بنيان الحسون
260 _a[S.N] :
_bالمؤسسة الجامعية للدراسات والنشر والتوزيع ،
_c1983
300 _a103 ص
490 _a
650 0 4 _aالشعر العربى
650 0 4 _aالاوزان الشعرية
650 0 4 _aالعروض والقوافى
942 _2ddc
_cBK
999 _c34683
_d34683